000 00570nam a22001937a 4500
005 20251108173035.0
008 250721s2001 xx 000 0 ara d
082 1 4 _a398.21/ غني
100 1 _aغنيم، عبد الرحمن
245 1 0 _aطوفان نوح (الهدف- الزمن- المسرح) /
264 1 _aدمشق :
_bدار الجليل،
_c2001.
300 _a112ص.
650 1 7 _aالأساطير
650 1 7 _aالروايات
650 1 7 _aالنقد الأدبي
650 1 7 _aالعناصر الأدبية
942 _2ddc
_cBK
999 _c94675
_d94675